000
00319nam a22001457a 4500
003
SGT
082
_a
611
_b
S63M
100
_a
MCGREGOR, A. LEE
245
_a
A SYNOPSIS OF SURGICAL ANATOMY
250
_a
9TH
260
_a
TORONTO
_b
BRISTOL PUB
_c
1963
300
_a
908
650
_a
HUMAN ANATOMY
942
_2
ddc
_c
RARE
999
_c
22253
_d
22253